| 000 | 00687 a2200229 4500 | ||
|---|---|---|---|
| 005 | 20260420161359.0 | ||
| 008 | 260420b |||||||| |||| 00| 0 eng d | ||
| 020 | _a9781350354678 (pbk) | ||
| 037 | _cTB | ||
| 040 |
_aCRL _cCRL |
||
| 041 |
_2eng _aeng |
||
| 084 |
_aD65,8(B):894 R4 _qCRL |
||
| 100 |
_aMauro, Arron _91116085 |
||
| 245 | _aLanguage of cyber attacks: a rhetoric of deception | ||
| 260 |
_aLondon, UK: _bBloomsbury, _c2024. |
||
| 300 | _a224p. | ||
| 365 |
_b2226.26 _cINR |
||
| 650 |
_aComputer Crime _9708572 |
||
| 650 | _aCyber Crime | ||
| 942 |
_cTB _2CC _hD65,8(B):894 R4 |
||
| 999 |
_c1679872 _d1679872 |
||